Los trabajos del infatigable creador Pio Cid (Record no. 6528)

MARC details
000 -CABECERA
campo de control de longitud fija 00699nam a2200229 a 4500
001 - NÚMERO DE CONTROL
campo de control BRCA_6845
005 - FECHA Y HORA DE LA ÚLTIMA TRANSACCIÓN
campo de control 20190320205620.0
008 - DATOS DE LONGITUD FIJA--INFORMACIÓN GENERAL
campo de control de longitud fija 091111s1911----sp-#######---#000-0#spa-#
041 ## - CÓDIGO DE LENGUA
Código de lengua del texto/banda sonora o título independiente spa
044 ## - CÓDIGO DEL PAÍS DE LA ENTIDAD EDITORA/PRODUCTORA
Código MARC del país sp
050 #4 - SIGNATURA TOPOGRÁFICA DE LA BIBLIOTECA DEL CONGRESO
Número de clasificación PQ6613
Número de documento/Ítem .A5 T73 1 1911
100 1# - ENTRADA PRINCIPAL--NOMBRE DE PERSONA
Nombre de persona Ganivet, Angel
Fechas asociadas al nombre 1865-1898
9 (RLIN) 17075
245 10 - MENCIÓN DE TÍTULO
Título Los trabajos del infatigable creador Pio Cid
Mención de responsabilidad, etc. Angel Ganivet
260 ## - PUBLICACIÓN, DISTRIBUCIÓN, ETC.
Lugar de publicación, distribución, etc. Madrid
Nombre del editor, distribuidor, etc. Librería General de V. Suárez
Fecha de publicación, distribución, etc. 1911
300 ## - DESCRIPCIÓN FÍSICA
Extensión 320 p. (v.1)
Dimensiones 19 cm.
500 ## - NOTA GENERAL
Nota general Estado físico: Intonso, cubierta posterior y algunas páginas desprendidos.
500 ## - NOTA GENERAL
Nota general Ver también O163 (v.2)
500 ## - NOTA GENERAL
Nota general O35
650 14 - PUNTO DE ACCESO ADICIONAL DE MATERIA--TÉRMINO DE MATERIA
Término de materia o nombre geográfico como elemento de entrada Literatura española
9 (RLIN) 12355
902 ## - CATALOGADOR
Iniciales GFM
942 ## - ELEMENTOS DE PUNTO DE ACCESO ADICIONAL (KOHA)
Fuente del sistema de clasificación o colocación Library of Congress Classification
Tipo de ítem Koha Libros
Holdings
Estado de retiro Estado de pérdida Estado dañado No para préstamo Localización permanente Ubicación/localización actual Fecha de adquisición Número de inventario Total de préstamos Signatura topográfica completa Código de barras Fecha visto por última vez Precio válido a partir de Tipo de ítem Koha
El ejemplar forma parte de la colección y puede ser consultado según las políticas vigentes.       Biblioteca del Museo Franz Mayer (Rogerio Casas-Alatriste) Biblioteca del Museo Franz Mayer (Rogerio Casas-Alatriste) 09/11/2011 O35   PQ6613 .A5 T73 1 1911 (O35) 7293 22/03/2019 22/03/2019 Libros